000
00334nam a22001457a 4500
008
230531b ||||| |||| 00| 0 eng d
020
_a
9780134475585
041
_a
eng
080
_2
16TH EDITION
_a
330
082
_a
330SRI
100
_a
23
101
_a
MBE
245
_a
HORNGREN'S COST ACCOUNTING
_c
SRIKANT.M.D
942
_2
udc
_c
BK
999
_c
59883
_d
59883